Statystyki dla Największe miasto Począwszy od A w tym kraju

Kliknij tutaj aby rozwiązać quiz!

Ogólne statystyki

  • Ten quiz został rozwiązany 133 razy
  • Średni wynik to 7 z 18

Statystyki odpowiedzi

KrajA Miasto% Poprawnych
AlgieriaAlgier
90%
TurcjaAnkara
84%
HolandiaAmsterdam
81%
BelgiaAntwerpia
75%
EtiopiaAddis Abeba
64%
NigeriaAbudża
51%
AustraliaAdelaide
35%
Stany ZjednoczoneAustin
31%
SyriaAleppo
30%
NiemcyAugsburg
30%
Wybrzeże Kości SłoniowejAbidżan
26%
Wielka BrytaniaAberdeen
20%
FrancjaAngers
16%
RosjaAstrachań
12%
IndieAhmadabad
11%
WłochyAnkona
10%
PeruArequipa
8%
IranAhwaz
7%

Rozkład punktacji

Percentyl według liczby udzielonych odpowiedzi

Procent ludzi z każdym wynikiem

Twoja historia wyników

Nie rozwiązałeś tego quizu